书目信息 |
| 题名: |
基辛格评传
|
|
| 作者: | 陈有为 著 | |
| 分册: | ||
| 出版信息: | 北京 世界知识出版社 1980 |
|
| 页数: | 172页 | |
| 开本: | 19cm | |
| 丛书名: | ||
| 单 册: | ||
| 中图分类: | K837.127.5 , K837.12 | |
| 科图分类: | ||
| 主题词: | ||
| 电子资源: | ||
| ISBN: | ||
| 000 | 00602nam0 2200229 45 | |
| 001 | 1549899498 | |
| 005 | 20150127212913.85 | |
| 010 | @dCNY0.67 | |
| 091 | @aCN@b3003.1616 | |
| 100 | @a19950602d1980 em y0chiy0121 ea | |
| 101 | 0 | @achi |
| 102 | @aCN@b110000 | |
| 105 | @af z 000yb | |
| 200 | 10 | @a基辛格评传@Aji xin ge ping zhuan@f陈有为著 |
| 210 | @a北京@c世界知识出版社@d1980 | |
| 215 | @a172页@c照片@d19cm | |
| 600 | 1 | @a基辛格@bH.A.@x列传 |
| 690 | @aK837.127.5@v3 | |
| 690 | @aK837.12@v4 | |
| 701 | 0 | @a陈有为@Achen you wei@4著 |
| 801 | 0 | @aCN@bTSSF@c20150127 |
| 905 | @aZUCC@dK837.12@eJY8 | |
| 基辛格评传/陈有为著.-北京:世界知识出版社,1980 |
| 172页:照片;19cm |
| ISBN :CNY0.67 |
| ● |
| 相关链接 |
|
|
|
|
正题名:基辛格评传
索取号:K837.12/JY8
 
预约/预借
| 序号 | 登录号 | 条形码 | 馆藏地/架位号 | 状态 | 备注 |
| 1 | 7847319 | 278473199 | 学院路分馆/ [索取号:K837.12/JY8] | 在馆 | |
| 2 | 7847320 | 278473206 | 学院路分馆/ [索取号:K837.12/JY8] | 在馆 | |
| 3 | 7847321 | 278473215 | 学院路分馆/ [索取号:K837.12/JY8] | 在馆 | |
| 4 | 7847322 | 278473224 | 学院路分馆/ [索取号:K837.12/JY8] | 在馆 | |
| 5 | 7847323 | 278473233 | 学院路分馆/ [索取号:K837.12/JY8] | 在馆 |